Catálogo de la Biblioteca Horacio González - Universidad Nacional de General Sarmiento

Matemática para el Curso de Aprestamiento Universitario (Registro nro. 51738)

Detalles MARC
000 -CABECERA
campo de control de longitud fija 01452nam a22003490a 4500
001 - NÚMERO DE CONTROL
campo de control PT20642
003 - IDENTIFICADOR DEL NÚMERO DE CONTROL
campo de control AR-LpoUNG
005 - FECHA Y HORA DE LA ÚLTIMA TRANSACCIÓN
campo de control 20260128162055.0
008 - DATOS DE LONGITUD FIJA--INFORMACIÓN GENERAL
campo de control de longitud fija 201001s2005||||ag |||||||||||||||||spa d
020 ## - NÚMERO INTERNACIONAL ESTÁNDAR DEL LIBRO
Número Internacional Estándar del Libro 9879300610
Condiciones de disponibilidad $65,23
040 ## - FUENTE DE LA CATALOGACIÓN
Centro catalogador/agencia de origen AR-LpoUNG
Lengua de catalogación spa
Normas de descripción aacr
041 ## - CÓDIGO DE LENGUA
Código de lengua del texto/banda sonora o título independiente spa
044 ## - CÓDIGO DEL PAÍS DE LA ENTIDAD EDITORA/PRODUCTORA
Código MARC del país ag
082 0# - NÚMERO DE LA CLASIFICACIÓN DECIMAL DEWEY
Número de clasificación 510 447mat
100 1# - ENTRADA PRINCIPAL--NOMBRE DE PERSONA
Nombre de persona Almeida, Marcela
245 10 - MENCIÓN DE TÍTULO
Título Matemática para el Curso de Aprestamiento Universitario
250 ## - MENCIÓN DE EDICIÓN
Mención de edición 1ra. ed.
260 ## - PUBLICACIÓN, DISTRIBUCIÓN, ETC.
Lugar de publicación, distribución, etc. Buenos Aires :
Nombre del editor, distribuidor, etc. Universidad Nacional de General Sarmiento,
Fecha de publicación, distribución, etc. 2005.
300 ## - DESCRIPCIÓN FÍSICA
Extensión 208 p. :
Otras características físicas il.
490 0# - MENCIÓN DE SERIE
Mención de serie Textos básicos
520 ## - SUMARIO, ETC.
Sumario, etc. La obra reúne los contenidos del Curso de Aprestamiento Universitario separados en tres módulos. El primer módulo, retoma contenidos del nivel medio, conjuntos numéricos, álgebra y geometría. El segundo módulo cuenta con una serie de problemas para contextualizar conocimientos relativos a funciones numéricas elementales. El tercer módulo requiere que el alumno entrelace los conocimientos previamente adquiridos en los módulos anteriores para ir trabajando el contenido propio de esta parte, funciones elementales.
650 #4 - PUNTO DE ACCESO ADICIONAL DE MATERIA--TÉRMINO DE MATERIA
Término de materia o nombre geográfico como elemento de entrada MATEMATICAS
700 1# - PUNTO DE ACCESO ADICIONAL--NOMBRE DE PERSONA
Nombre de persona Aragón, Adriana
700 1# - PUNTO DE ACCESO ADICIONAL--NOMBRE DE PERSONA
Nombre de persona Falsetti, Marcela
700 1# - PUNTO DE ACCESO ADICIONAL--NOMBRE DE PERSONA
Nombre de persona Figliola, Alejandra
700 1# - PUNTO DE ACCESO ADICIONAL--NOMBRE DE PERSONA
Nombre de persona Formica, Alberto
700 1# - PUNTO DE ACCESO ADICIONAL--NOMBRE DE PERSONA
Nombre de persona Kulesz, Leopoldo
700 1# - PUNTO DE ACCESO ADICIONAL--NOMBRE DE PERSONA
Nombre de persona Martínez, Mara
700 1# - PUNTO DE ACCESO ADICIONAL--NOMBRE DE PERSONA
Nombre de persona Rodríguez, Mabel A.
905 ## - ELEMENTOS DE DATOS E LOCAL, LDE (RLIN)
a 20642
942 ## - ELEMENTOS DE PUNTO DE ACCESO ADICIONAL (KOHA)
Tipo de ítem Koha Libro
Fuente del sistema de clasificación o colocación Dewey Decimal Classification
Existencias
Estado de retiro Estado de pérdida Fuente del sistema de clasificación o colocación Estado dañado No para préstamo Código de colección Localización permanente Ubicación/localización actual Fecha de adquisición Total de préstamos Signatura topográfica completa Código de barras Fecha visto por última vez Precio válido a partir de Tipo de ítem Koha Fecha del último préstamo Renovaciones totales
Retirado   Dewey Decimal Classification   No es para préstamo Colección Ediciones UNGS Biblioteca Universidad Nacional de General Sarmiento Biblioteca Universidad Nacional de General Sarmiento 01/02/2021   510 447mat CUNGS1169 01/02/2021 01/02/2021 Libro    
          Colección Ediciones UNGS Biblioteca Universidad Nacional de General Sarmiento Biblioteca Universidad Nacional de General Sarmiento 01/02/2021   510 447mat CUNGS1170 01/02/2021 01/02/2021 Libro    
          Colección General Biblioteca Universidad Nacional de General Sarmiento Biblioteca Universidad Nacional de General Sarmiento 01/02/2021 1 510 447mat 00022190 23/03/2022 01/02/2021 Libro 04/03/2022  
          Colección General Biblioteca Universidad Nacional de General Sarmiento Biblioteca Universidad Nacional de General Sarmiento 01/02/2021 6 510 447mat 00022191 10/11/2025 01/02/2021 Libro 03/11/2025 1
          Colección General Biblioteca Universidad Nacional de General Sarmiento Biblioteca Universidad Nacional de General Sarmiento 01/02/2021   510 447mat 00022192 01/02/2021 01/02/2021 Libro    
          Colección General Biblioteca Universidad Nacional de General Sarmiento Biblioteca Universidad Nacional de General Sarmiento 01/02/2021 2 510 447mat 00022199 14/04/2025 01/02/2021 Libro 11/03/2025  
    Dewey Decimal Classification     Colección General Biblioteca Universidad Nacional de General Sarmiento Biblioteca Universidad Nacional de General Sarmiento 20/03/2023   510 447mat S00068201 20/03/2023 20/03/2023 Lectura en Sala